Chant Gregorien
Αποθηκεύτηκε σε:
| Συγγραφή απο Οργανισμό/Αρχή: | |
|---|---|
| Άλλοι συγγραφείς: | |
| Μορφή: | CD Ηχητικό |
| Γλώσσα: | French |
| Δημοσίευση: |
W.Germany :
Harmonia Mundi,
1990.
|
| Σειρά: | Musique d'abord
|
| Θέματα: | |
| Ετικέτες: |
Προσθήκη ετικέτας
Δεν υπάρχουν, Καταχωρήστε ετικέτα πρώτοι!
|
MARC
| LEADER | 00000cjm a2200000 i 4500 | ||
|---|---|---|---|
| 001 | 1/47073 | ||
| 007 | sd fs|gn||m|ed | ||
| 008 | 070629s1990 gw ||| fre|| | ||
| 028 | 0 | 1 | |a HMA190235.37 |b Harmonia Mundi |
| 035 | |l 10088544 | ||
| 040 | |a GR-MyUA |b gre |e AACR2 | ||
| 041 | 0 | |d fre |g fre |g eng |g dut | |
| 082 | 0 | |a 782.3222 |2 (22η εκδ.) | |
| 245 | 1 | 0 | |a Chant Gregorien |h [ηχογράφηση] |
| 260 | |a W.Germany : |b Harmonia Mundi, |c 1990. | ||
| 300 | |a 3 δίσκοι CDs (217λ, 43 δευτ.) : |b ψηφιακός, στέρεο. ; |c 4 3/4 iv. | ||
| 490 | 1 | |a (Musique d'abord) | |
| 505 | 0 | |a Le Jeu Pascal de Prague .-- Procession des Vepres .-- Elegies pour les Rois & les Princes .-- Messe des Morts .-- Les Noces de Cana .-- Chants a la Vierge | |
| 511 | 0 | |a Deller Consort, Alfred Deller | |
| 610 | 2 | 0 | |a Catholic Church |x Gallican rite. |
| 650 | 0 | 0 | |a Gregorian chants. |
| 650 | 0 | 0 | |a Holy Week music. |
| 650 | 0 | 0 | |a Responses (Music) |
| 700 | 1 | |a Deller, Alfred, |e cnd | |
| 710 | 1 | |a Deller |b Consort. | |
| 830 | 0 | |a Musique d'abord | |
| 852 | |a INST |b SAMOS |c AV |e 20070629 |h 782.3222 CHA |p 005300026109 |q 005300026109 |t CD |y 23 | ||
| 901 | |a BIBL3-2006-1 | ||
| 909 | |a Σ |b 45132 | ||
| 922 | |a 3ΕΛΗ |b 199812 |c ΤΜΗΜΑ ΜΑΘΗΜΑΤΙΚΩΝ |d ΛΕΣΧΗ ΔΙΣΚΟΥ | ||
| 970 | |a ΒΛΑΧΟΥ |b ΒΑΣΙΛΙΚΗ |z 2007/06/29 | ||